1078 1902 1671 1575 1623 1717 1028 1090 1137 1234 1230 1206 1007 1568 1423 1333 1978 1414 1087 1333 1860 1041 1804 1909 1533 1319 1031 1864 1081 1785 1694 1005 1353 1319 1409 1151 1702 1157 1324 1448 1209 1620 1292 1280 1916 1878 1184 1281 1303 1979 1253 1981 1322 1462 1204 1502 1677 1655 1606 1342 1001 1131 1102 1723 1013 1117 1831 1223 1236 1798 1596 1855 1423 1241 1446 1550 1804 1633 1093 1311 1056 1375 1526 1040 1284 1203 1139 1152 1568 1591 1978 1461 1822 1687 1449 1023 1427 1394 1997 BCNSPRNW ULIB Ver.6.0+V

เปลี่ยนเป็นภาษาไทย

Change to English
 แสดงรายละเอียดบรรณานุกรม
  กลับหน้าหลัก

Brief Record : Get Marc (ISO 2709) : E-mail record : QR code < ปิดหน้าต่าง
LEADER : 00000nam 2200000uu 4500
001    13399128665
003     ULIB
008    230928s||||||||th 000 0 tha d
020    ^a9786163813008
060    ^aWS440^bท521ต
110    ^aทีมวิชาการ Life Balance
245    ^aตี๋น้อยเอาแต่ใจ
250    ^aพิมพ์ครั้งที่ 1
260    ^aกรุงเทพฯ :^bLife Balance,^cม.ป.ป.
300    ^a24 หน้า;^c19 ซม.
650    ^aนิทานเด็ก
650    ^aเด็ก-พัฒนาการ
945    ^p49^l0^i30037
999    ^aกัณชพร จุลอักษร
รายการนี้ยังไม่มีแท็ก
คุณยังไม่ได้ล็อกอิน คุณสามารถมีกิจกรรมร่วมกับเว็บไซต์ได้ แต่ต้องล็อกอินก่อน ::
  ล็อกอิน

รายการสื่อสารสนเทศ

ลำดับที่ ประเภท เลขเรียก/บาร์โค้ด สถานที่ สถานะ
1. วิทยาศาสตร์การแพทย์ และสุขภาพ
วิทยาศาสตร์การแพทย์ และสุขภาพ
WS440 ท521ต ฉ.1 
  Barcode: 30037
ห้องสมุดวิทยาเขตนครสวรรค์
►หนังสือทั่วไป:l:General Books
บนชั้น

รายการใกล้เคียง
    ชื่อเรื่อง [ตี๋น้อยเอาแต่ใจ]

    หัวเรื่อง [นิทานเด็ก]
    หัวเรื่อง [เด็ก-พัฒนาการ]

BibComment


ยังไม่เคยถูกคอมเมนท์

คอมเมนท์ทรัพยากรรายการนี้
  คอมเมนท์: ตี๋น้อยเอาแต่ใจ


 Copyright 2026. Bcnsprnw @Library